000 00764cam a22002411 4500
001 agr28001690
003 DLC
005 20260227110948.0
008 761020s1927 gw ac 000 0 ger
010 _aagr28001690
035 _a(OCoLC)2515737
040 _aDLC
_cGU
_dGU
_dDLC
042 _apremarc
050 0 0 _aSB761
_b.N8 1927
100 1 _aNüsslin, Otto,
_d1850-1915.
245 1 0 _aForstinsektenkunde,
_cvon Otto Nüsslin.
250 _a4., neubearb und verm. Aufl.,
_bhrsg. von L. Rhumbler.
260 _aBerlin,
_bP. Parey,
_c1927.
300 _axvi, 625 p.
_billus. (incl. ports.)
_c23 cm.
500 _a1.-2. Aufl. have title: Leitfaden der Forstinsektenkunde.
650 0 _aTrees
_xDiseases and pests.
700 1 _aRhumbler, Ludwig,
_d1864-1939,
_eed.
999 _c9222
_d9222